<?xml version="1.0" encoding="UTF-8"?>
<marc:record xmlns:marc="http://www.loc.gov/MARC21/slim">
   <marc:leader>00000nam a2200000 a 4500</marc:leader>
   <marc:datafield ind1="1" ind2=" " tag="100">
      <marc:subfield code="a">Elmiger, Dorothee</marc:subfield>
      <marc:subfield code="4">aut</marc:subfield>
      <marc:subfield code="e">Verfasser/-in</marc:subfield>
   </marc:datafield>
   <marc:datafield ind1="0" ind2="0" tag="245">
      <marc:subfield code="a">DieHolländerinnen</marc:subfield>
   </marc:datafield>
   <marc:datafield ind1="0" ind2="0" tag="245">
      <marc:subfield code="b">Roman</marc:subfield>
   </marc:datafield>
   <marc:datafield ind1="0" ind2="0" tag="245">
      <marc:subfield code="c">Dorothee Elmiger</marc:subfield>
   </marc:datafield>
   <marc:datafield ind1=" " ind2="1" tag="264">
      <marc:subfield code="a">München</marc:subfield>
      <marc:subfield code="b">Carl Hanser Verlag GmbH &amp; CoKG</marc:subfield>
      <marc:subfield code="c">2025</marc:subfield>
   </marc:datafield>
   <marc:datafield ind1=" " ind2=" " tag="250">
      <marc:subfield code="a">4. Aufl.</marc:subfield>
   </marc:datafield>
   <marc:datafield ind1="1" ind2=" " tag="520">
      <marc:subfield code="a">Mit blinkenden Warnlichtern fährt die Erzählerin, eine namenlose Schriftstellerin, an den Straßenrand, als ein unerwarteter Anruf sie erreicht. Am Apparat ist ein gefeierter Theatermacher, der sie für sein neuestes Vorhaben zu gewinnen versucht &#x96; ein in den Tropen angesiedeltes Stück, die Rekonstruktion eines Falls. Wenige Wochen später bricht sie auf, um sich der Theatergruppe auf ihrem Gang ins tiefe Innere des Urwalds anzuschließen. Dorothee Elmiger erzählt eine beunruhigende Geschichte von Menschen und Monstren, von Furcht und Gewalt, von der Verlorenheit im Universum und vom Versagen der Erzählungen.</marc:subfield>
   </marc:datafield>
   <marc:datafield ind1=" " ind2=" " tag="020">
      <marc:subfield code="a">9783446282988</marc:subfield>
      <marc:subfield code="9">9783446282988</marc:subfield>
   </marc:datafield>
   <marc:datafield ind1=" " ind2=" " tag="020">
      <marc:subfield code="a">344628298X</marc:subfield>
      <marc:subfield code="9">344628298X</marc:subfield>
   </marc:datafield>
   <marc:datafield ind1=" " ind2=" " tag="300">
      <marc:subfield code="a">156 S., fest geb.</marc:subfield>
   </marc:datafield>
</marc:record>
